Pastels in 10 Steps: (Record no. 594074)
[ view plain ]
| 000 -LEADER | |
|---|---|
| fixed length control field | 00379nam a22001337a 4500 |
| 020 ## - INTERNATIONAL STANDARD BOOK NUMBER | |
| International Standard Book Number | 9780753722572 |
| 040 ## - CATALOGING SOURCE | |
| Transcribing agency | NUST |
| 082 ## - DEWEY DECIMAL CLASSIFICATION NUMBER | |
| Classification number | 141.235 SID |
| 100 ## - MAIN ENTRY--PERSONAL NAME | |
| Personal name | Sidaway, Ian |
| 9 (RLIN) | 96869 |
| 245 ## - TITLE STATEMENT | |
| Title | Pastels in 10 Steps: |
| Remainder of title | Learn All the Techniques You Need in Just One Painting |
| 260 ## - PUBLICATION, DISTRIBUTION, ETC. | |
| Place of publication, distribution, etc. | London: |
| Name of publisher, distributor, etc. | Bounty Books, |
| Date of publication, distribution, etc. | 2012. |
| 650 ## - SUBJECT ADDED ENTRY--TOPICAL TERM | |
| Topical term or geographic name entry element | Art and Painting |
| 9 (RLIN) | 111071 |
| 942 ## - ADDED ENTRY ELEMENTS (KOHA) | |
| Source of classification or shelving scheme | |
| Koha item type | Book |
| Withdrawn status | Lost status | Source of classification or shelving scheme | Damaged status | Not for loan | Permanent Location | Current Location | Shelving location | Date acquired | Total Checkouts | Full call number | Barcode | Date last seen | Price effective from | Koha item type |
|---|---|---|---|---|---|---|---|---|---|---|---|---|---|---|
| College of Electrical & Mechanical Engineering (CEME) | College of Electrical & Mechanical Engineering (CEME) | General Stacks | 03/22/2023 | 141.235 SID | CEME-50431 | 03/22/2023 | 03/22/2023 | Book |
